Democracia Cristiana y Partido Comunista /

Bibliographic Details
Main Author: Frei, Eduardo
Other Authors: Tomic, Radomiro, Castillo, Jaime, Arriagada, Genaro
Format: Libro
Language:English
Published: Santiago, Chile Aconcagua 1986
Edition:1a.ed.
Subjects:

MARC

LEADER 00000cam a2200000 a 4500
001 008325
003 UAHC_CL
005 20170803120439.0
008 021213b xx j 000 1 eng
040 |a UAHC_CL  |c UAHC_CL  |d UAHC_CL 
100 1 |a Frei, Eduardo 
245 1 0 |a Democracia Cristiana y Partido Comunista /  |c Eduardo Frei, et.al. 
250 |a 1a.ed. 
260 |b Aconcagua  |c 1986  |a Santiago, Chile 
300 |a 308 p. 
650 4 |a DEMOCRACIA CRISTIANA  |z CHILE 
650 4 |a PARTIDO COMUNISTA  |z CHILE 
700 1 |a Tomic, Radomiro 
700 1 |a Castillo, Jaime 
700 1 |a Arriagada, Genaro 
900 |a 324.283 FRE 
942 |c BK 
952 |0 0  |1 0  |4 0  |6 324_283000000000000_FRE  |7 0  |8 General  |9 17826  |a BC  |b BC  |c General  |d 2017-08-03  |l 0  |o 324.283 FRE  |p 1335039  |r 2026-01-07 00:00:00  |t 1  |w 2017-08-03  |y BK 
999 |c 8325  |d 8325